INDIAN ECONOMY (Record no. 8961)
[ view plain ]
| 000 -LEADER | |
|---|---|
| fixed length control field | 00552nam a22001697a 4500 |
| 003 - CONTROL NUMBER IDENTIFIER | |
| control field | SGT |
| 020 ## - INTERNATIONAL STANDARD BOOK NUMBER | |
| International Standard Book Number | 9789352025985 |
| 082 ## - DEWEY DECIMAL CLASSIFICATION NUMBER | |
| Classification number | 330.954 |
| 100 ## - MAIN ENTRY--PERSONAL NAME | |
| Personal name | PURI,V.K. |
| 245 ## - TITLE STATEMENT | |
| Title | INDIAN ECONOMY |
| 250 ## - EDITION STATEMENT | |
| Edition statement | 33rd |
| 260 ## - PUBLICATION, DISTRIBUTION, ETC. (IMPRINT) | |
| Place of publication, distribution, etc | NEW DELHI |
| Name of publisher, distributor, etc | HPH |
| Year of Publication | 2015 |
| 300 ## - PAGE DESCRIPTION | |
| No. of Pages | 845 |
| 650 ## - SUBJECT ADDED ENTRY--TOPICAL TERM | |
| Topical term or geographic name as entry element | ECNOMICS |
| 653 ## - KEYWORDS--INDEX TERM | |
| Keyword term | ECONOMIC DEVELOPMENT: A THEORETICAL BACKGROUND,STRUCTURE OF THE INDIAN ECONOMY.BASIC ISSUES IN AGRICULTURE,THE INDUSTRIAL SECTOR AND SERVICES INDIAN ECONOMY.FOREIGN TRADE AND FOREIGN CAPITAL,MONEY AND BANKING,PUBLIC FINANCE |
| 942 ## - ADDED ENTRY ELEMENTS (KOHA) | |
| Source of classification or shelving scheme | Dewey Decimal Classification |
| Koha item type | FCM Books |
| 942 ## - ADDED ENTRY ELEMENTS (KOHA) | |
| -- | 1 |
| Withdrawn status | Lost status | Source of classification or shelving scheme | Damaged status | Not for loan | Collection code | Home library | Current library | Shelving location | Date acquired | Vendor Name | Cost, normal purchase price | SGTU | Bill Number | Total Checkouts | Full call number | Accession No. (Barcode) | Date last seen | Date last borrowed | Bill Date | Koha item type |
|---|---|---|---|---|---|---|---|---|---|---|---|---|---|---|---|---|---|---|---|---|
| Dewey Decimal Classification | COMMERCE MANAGEMENT | SGT Science & Social Sciences Library | SGT Science & Social Sciences Library | Text Book | 09/06/2016 | KRITI PRAKSHAN | 598.00 | SGTU | 2705 | 14 | 330.954 | CM768 | 01/12/2018 | 12/11/2018 | 14/08/2015 | FCM Books | ||||
| Dewey Decimal Classification | COMMERCE MANAGEMENT | SGT Science & Social Sciences Library | SGT Science & Social Sciences Library | Text Book | 09/06/2016 | KRITI PRAKSHAN | 598.00 | SGTU | 2705 | 13 | 330.954 | CM769 | 27/11/2018 | 17/11/2018 | 14/08/2015 | FCM Books | ||||
| Dewey Decimal Classification | COMMERCE MANAGEMENT | SGT Science & Social Sciences Library | SGT Science & Social Sciences Library | Text Book | 09/06/2016 | KRITI PRAKSHAN | 598.00 | SGTU | 2705 | 12 | 330.954 | CM770 | 02/01/2025 | 02/01/2025 | 14/08/2015 | FCM Books |